| 000 | 00000nam##2200000za#4500 |
| 001 | 9.630813 |
| 003 | CaOODSP |
| 005 | 20231123085130 |
| 007 | cr ||||||||||| |
| 008 | 150407|2002||||xxc|||||o f|0| 0 fre|d |
| 040 | |aCaOODSP|bfre |
| 043 | |an-cn--- |
| 086 | 1 |aE2-171/2002F-IN |
| 110 | 1 |aCanada. |bAffaires étrangères et commerce international Canada. |
| 245 | 10|aSe produire aux États-Unis: le guide des artistes de spectacles canadiens |h[ressource électronique] |
| 260 | |aOttawa - Ontario : |bAffaires étrangères et Commerce international |c2002. |
| 300 | |a36p.|bréférences |
| 500 | |aLe n° de catalogue (E2-171/2002F) et l'ISBN (0-662-86347-X) de l'édition imprimée ont été incorrectement copiés dans l'édition électronique. |
| 520 | 3 |aCette publication fournit les renseignements dont ont besoin les artistes du spectacle et les troupes de théâtre, de danse et de musique canadiens qui prévoient se produire aux États-Unis. Elle décrit les classifications, procédures et délais se rapportant à l’octroi de visas par le Service d’immigration et de naturalisation (SIN) des États-Unis, les documents requis et les dates limites pour présenter une demande, et comprend une liste des bureaux de SIN, des syndicats, des avocats spécialisés en immigration et d’autres ressources. Le guide fournit également des définitions des termes utilisés par les services d’immigration américains et présente une analyse de certains des coûts associés aux demandes de visa et aux services de traitement. |
| 590 | |a02-38|b2002-09-20 |
| 775 | 08|tCanadian performers: how to enter the United States |w(CaOODSP)9.686340 |
| 776 | 0#|tSe produire aux États-Unis : |w(CaOODSP)9.681654 |
| 856 | 40|ahttp://publications.gc.ca|qPDF|s561 kb|uhttps://publications.gc.ca/collections/Collection/E2-171-2002F.pdf |